| 000 | 00490ntm a22001937a 4500 | ||
|---|---|---|---|
| 005 | 20190617103311.0 | ||
| 008 | 171107b xxu||||| |||| 00| 0 spa d | ||
| 020 | _a9789930502518 | ||
| 041 | _aspa | ||
| 082 | _aCR 863.44 M618m | ||
| 245 | _aMi media cebolla: historias de amor con humor | ||
| 260 | _aCosta Rica | ||
| 260 | _bAtabal | ||
| 260 | _c2015 | ||
| 300 | _a153 páginas | ||
| 650 |
_aCUENTOS COSTARRICENSES _92060 |
||
| 650 |
_aLITERATURA COSTARRICENSE _9424 |
||
| 942 | _cLIT | ||
| 999 |
_c9954 _d9954 |
||